000 00538nam a2200181Ia 4500
999 _c20768
_d20768
003 OSt
005 20201113110330.0
008 190216s9999||||xx |||||||||||||| ||und||
020 _a0719052092
040 _coclc
082 _a820.99171241
_bMCL/B
100 _aMcleod, John
_95872
245 0 _aBeginning Postcolonialism /
_cJohn Mcleod
260 _bManchester University Press,
_c2000.
_aNew york:
300 _a269p
650 _aIndian History
942 _cBK
_2ddc
_h820.99171241
_iMCL/B
_k820.99171241
_mMCL/B